Villes d’Asie - Mort subite - Statistiques

Statistiques générales
  • Ce quiz a été pris 463 fois
    439 depuis la dernière actualisation
  • Le résultat moyen est 14 sur 22
Answers on the Grid
Answers color-coded by a green-red scale on the quiz's grid according to % correct below.
Hanoï
Phnom Penh
Lahore
Chennai
Dacca
Oulan-Bator
Mumbai
Doha
Sanaa
Riyad
Katmandou
Kobe
Vladivostok
Changwon
Ürümqi
Douchanbé
Téhéran
Tokyo
Kuala Lumpur
Manille
Beyrouth
Sri Jayawardenapura Kotte
Khartoum
Monaco
Perth
Larmor-Baden
Bamako
Maputo
Mogadiscio
Antananarivo
Montevideo
Bogota
Dar es Salam
Nouméa
Bloemfontein
Kiev
 
Statistiques - réponses
Réponse % Correct
Tokyo
91%
Mumbai
84%
Hanoï
82%
Manille
79%
Kuala Lumpur
78%
Téhéran
77%
Phnom Penh
75%
Doha
74%
Beyrouth
73%
Riyad
72%
Oulan-Bator
70%
Sri Jayawardenapura Kotte
67%
Katmandou
64%
Kobe
61%
Dacca
60%
Sanaa
56%
Changwon
54%
Chennai
51%
Lahore
46%
Vladivostok
46%
Ürümqi
41%
Douchanbé
40%
Aucun quiz correspondant
Distribution des résultats
% des personnes avec chaque résultat
Percentile par nombre de réponses
Votre historique - résultats
Vous n’avez pas pris ce quiz depuis la dernière actualisation